Rothschild Banking Capitals - Statistics

General Stats
  • This quiz has been taken 105 times
  • The average score is 3 of 5
Answer Stats
Rothschild Son City % Correct
Nathan Mayer von Rothschild London
93%
James Mayer de Rothschild Paris
88%
Amschel Mayer von Rothschild Frankfurt
75%
Salomon Mayer von Rothschild Vienna
62%
Carl Mayer von Rothschild Naples
31%
No matching quizzes found
Score Distribution
Percent of People with Each Score
Percentile by Number Answered
Your Score History
You have not taken this quiz